| 000 | 004770000a22001690004500 | ||
|---|---|---|---|
| 003 | MACL | ||
| 005 | 20160101121315.0 | ||
| 008 | 160101b xxu||||| |||| 00| 0 eng d | ||
| 040 |
_aMACL _cMACL |
||
| 041 | _aEnglish | ||
| 082 | _a331.25/DAW | ||
| 100 |
_aDawson, William Harbutt _925474 |
||
| 245 |
_aSocial Insurance in Germany 1883-1911 _bIts History Operation Results |
||
| 260 |
_bT Fisher Unwin _c1913 _aLodon |
||
| 650 |
_aEconomics _926209 |
||
| 942 |
_cBK _k331.25/DAW _2ddc |
||
| 999 |
_c38188 _d38188 |
||